| 000 -LEADER |
| fixed length control field |
00601nam a22002057a 4500 |
| 008 - FIXED-LENGTH DATA ELEMENTS--GENERAL INFORMATION |
| fixed length control field |
150923b xxu||||| |||| 00| 0 eng d |
| 020 ## - INTERNATIONAL STANDARD BOOK NUMBER |
| International Standard Book Number |
0130082171 |
| 041 0# - LANGUAGE CODE |
| Language code of text/sound track or separate title |
eng |
| 080 ## - UNIVERSAL DECIMAL CLASSIFICATION NUMBER |
| Universal Decimal Classification number |
658.15 |
| 245 00 - TITLE STATEMENT |
| Title |
Management accounting / |
| Statement of responsibility, etc |
Anthony A. Atkinson, Robert S. Kaplan, S. Mark Young. |
| 250 ## - |
| -- |
4th ed. |
| 260 ## - |
| -- |
Upper Saddle River, N.J. : |
| -- |
Pearson Prentice Hall, |
| -- |
2004. |
| 300 ## - |
| -- |
xxiv, 597 f. : |
| -- |
me il.; |
| -- |
26 cm. |
| 650 #0 - |
| -- |
kontabilitet |
| 650 #0 - |
| -- |
Menaxherial |
| 700 1# - |
| -- |
Atkinson, Anthony A. |
| 700 1# - |
| -- |
Kaplan, Robert S. |
| 700 1# - |
| -- |
Young, S. Mark. |
| 942 ## - ADDED ENTRY ELEMENTS (KOHA) |
| Source of classification or shelving scheme |
|
| Item type |
Books |